Military operations, France and Belgium, 1918 ... (Record no. 552544)
[ view plain ]
| 000 -LEADER | |
|---|---|
| fixed length control field | 00845cam a2200181 4500 |
| 082 ## - DEWEY DECIMAL CLASSIFICATION NUMBER | |
| Classification number | 940.4 |
| Author Mark | HIS |
| 100 1# - MAIN ENTRY--PERSONAL NAME | |
| Personal name | Edmonds, James E. |
| 9 (RLIN) | 49780 |
| 245 10 - TITLE STATEMENT | |
| Title | Military operations, France and Belgium, 1918 ... |
| Statement of responsibility, etc. | compiled by Brigadier-General Sir James E. Edmonds ... maps and sketches compiled by Major A. F. Becke ... |
| 260 ## - PUBLICATION, DISTRIBUTION, ETC. | |
| Place of publication, distribution, etc. | London, |
| Name of publisher, distributor, etc. | Macmillan and Co., limited, |
| Date of publication, distribution, etc. | 1935- |
| 300 ## - PHYSICAL DESCRIPTION | |
| Extent | v. |
| Other physical details | front., maps. |
| Dimensions | 23 cm. |
| Extent | and atlas. v. |
| 490 1# - SERIES STATEMENT | |
| Series statement | History of the Great War based on official documents by direction of the Historical Section of the Committee of Imperial Defence |
| 500 ## - GENERAL NOTE | |
| General note | Atlas in portfolio. |
| 500 ## - GENERAL NOTE | |
| General note | Maps on lining papers of v. 1. |
| 500 ## - GENERAL NOTE | |
| General note | On cover: Official history of the war. |
| 526 ## - STUDY PROGRAM INFORMATION NOTE | |
| Program name | 0 |
| Interest level | 0 |
| Reading level | 0 |
| Title point value | 940_400000000000000_HIS |
| 650 #0 - SUBJECT ADDED ENTRY--TOPICAL TERM | |
| Topical term or geographic name entry element | World War, 1914-1918 |
| General subdivision | Campaigns |
| Geographic subdivision | Western Front. |
| 9 (RLIN) | 49302 |
| 942 ## - ADDED ENTRY ELEMENTS (KOHA) | |
| Source of classification or shelving scheme | |
| Koha item type | Book |
| Withdrawn status | Lost status | Source of classification or shelving scheme | Damaged status | Not for loan | Permanent Location | Current Location | Shelving location | Date acquired | Total Checkouts | Full call number | Barcode | Date last seen | Price effective from | Koha item type |
|---|---|---|---|---|---|---|---|---|---|---|---|---|---|---|
| Military College of Engineering (MCE) | Military College of Engineering (MCE) | 01/19/2015 | 940.4 HIS | MCE-ECM/92.2 | 01/19/2015 | 01/19/2015 | Book |
